000 00469nam a2200193Ia 4500
003 OSt
005 20250825152332.0
008 250729s2005 xx 000 0 und d
020 _a978-8183162012
040 _cAL
041 _aeng
082 _a001.51 RAJC
100 _aRajashekar S
_9222183
245 _aComputer education
260 _aNew Delhi
_bNeelkamal Publication
_c2005
300 _a184p
650 _aComputer Education
_9222184
942 _2ddc
_cBED
999 _c235340
_d235340